Musicals by Songs Quiz Stats

 Plays Quiz Updated Dec 5, 2017

Challenge
Share
Tweet
Embed
Score 0/25 Timer 04:00
4 Plays Today
% Correct
Mary Poppins
94.2%
The Wizard of Oz
94.2%
Grease
93.3%
The Jungle Book
92.4%
The Sound of Music
89.8%
Evita
85.8%
The Phantom of the Opera
85%
The Rocky Horror Picture Show
83.2%
Fiddler on the Roof
82.6%
West Side Story
81.8%
Oliver!
79.8%
Oklahoma!
70.5%
South Pacific
66.9%
% Correct
My Fair Lady
65.6%
The King and I
65.3%
Show Boat
60.5%
Breakfast at Tiffany's
52.6%
Tommy
51.2%
On The Town
47.2%
Bedknobs and Broomsticks
41.2%
Anything Goes
39.1%
Oh, What a Lovely War!
34.8%
Top Hat
33.6%
Easter Parade
21.1%
A Connecticut Yankee in King Arthur's Court
20.7%

You're not logged in!

Compare scores with friends on all Sporcle quizzes.
OR
Log In

You Might Also Like...

Show Comments

Extras

Top Quizzes Today


Score Distribution

Your Account Isn't Verified!

In order to create a playlist on Sporcle, you need to verify the email address you used during registration. Go to your Sporcle Settings to finish the process.

Report this User

Report this user for behavior that violates our Community Guidelines.

Details: